Real Madrid CF 2020-21 Squad - Statistics

General Stats
  • This quiz has been taken 384 times
    284 since last reset
  • The average score is 21 of 23
Answer Stats
No. Position Nationality Answer % Correct
1 GK Belgium Thibaut Courtois
100%
9 FW France Karim Benzema
99%
10 MF Croatia Luka Modrić
99%
8 MF Germany Toni Kroos
99%
- Manager France Zinedine Zidane
98%
7 FW Belgium Eden Hazard
97%
4 DF Spain Sergio Ramos
97%
2 DF Spain Dani Carvajal
96%
15 MF Uruguay Federico Valverde
94%
20 FW Brazil Vinícius Júnior
94%
14 MF Brazil Casemiro
93%
12 DF Brazil Marcelo
93%
5 DF France Raphaël Varane
93%
25 FW Brazil Rodrygo
93%
3 DF Brazil Éder Militão
92%
23 DF France Ferland Mendy
89%
11 FW Spain Marco Asensio
89%
6 DF Spain Nacho
88%
13 GK Ukraine Andriy Lunin
86%
22 MF Spain Isco
79%
24 FW Dominican Republic Mariano
78%
17 FW Spain Lucas Vázquez
77%
19 DF Spain Álvaro Odriozola
52%
No matching quizzes found
Score Distribution
Percent of People with Each Score
Percentile by Number Answered
Your Score History
You have not taken this quiz since the last reset